000 00422cam a2200157ua 4500
003 OSt
008 250328b |||||||| |||| 00| 0 eng d
041 _aeng
082 _a624.1501
_bGUL/GE
100 _aGulhati, Shashi K .
_97373
245 _aGeotechnical engineering /
260 _aNew Delhi :
_bTata Mc-Graw Hill Publishing Company ,
_c2005.
300 _a738 ; .
700 1 _aDatta, Manoj .
_97374
942 _cBK
999 _c13588
_d13588